000 00546nam a2200181Ia 4500
005 20250508164951.0
008 008 250505s9999 xx 000 0 eng d
037 _aTextBook
040 _aFEDL
_beng
_cFEDL
041 _aeng
_2eng
084 _a491.43, NCE/R
_qFEDL
245 0 _aVasant : Bhag-2 , kaksha 7 ke liye hindi ki patthyepustak. 3 Vol.
245 0 _cNCERT. New Delhi
260 _aDehradun, India
_bKendriya Braill Press
_c2007
546 _aBraille books
942 _cTB
_h491.43, NCE/R
999 _c1392332
_d1392332